000 00901nam a2200205 4500
001 132526
003 ES-MaACL
005 20250822235500.0
007 t|
008 070214s1945 mx r ||||1| spa d
100 1 _aRomero de Terreros, Manuel.
_999379
245 1 0 _aMedallas relativas a la antigua Universidad de México
_b: publícase en conmemoración del XXV aniversario del restablecimiento de la Universidad Nacional de México /
_cManuel Romero de Terreros.
260 _aMéxico :
_b[s. n.],
_c1945 (
_fImp. Universitaria)
300 _a21 p., 6 lám. ;
_c17 cm.
500 _aPrecede al tít.: Universidad Nacional Autónoma de México, Instituto de Investigaciones Estéticas.
650 7 _aMedallas
_2embne
_9136476
710 2 _aUniversidad Nacional Autónoma de México.
_bInstituto de Investigaciones Estéticas.
_97399
852 _aES-MaACL
_j1953-F-14
999 _c132526
_d132526